书目信息 |
| 题名: |
终端攻略
|
|
| 作者: | 刘雄孝 , 魏明 著 | |
| 分册: | ||
| 出版信息: | 北京 中国农业出版社 2005 |
|
| 页数: | 470页 | |
| 开本: | 24cm | |
| 丛书名: | 中国营销与策划精英论坛 | |
| 单 册: | ||
| 中图分类: | F723.0 | |
| 科图分类: | ||
| 主题词: | 市场营销学--研究--中国 , 市场营销学 | |
| 电子资源: | ||
| ISBN: | 7-109-10047-2 | |
| 000 | 00970oam2 2200277 450 | |
| 001 | 012007265407 | |
| 005 | 20070605141624.45 | |
| 010 | @a7-109-10047-2@dCNY55.00 | |
| 100 | @a20070601d2005 km y0chiy0120 ea | |
| 101 | 0 | @achi |
| 102 | @aCN@b110000 | |
| 105 | @ay z 000yy | |
| 106 | @ar | |
| 200 | 1 | @a终端攻略@Azhong duan gong lue@f刘雄孝,魏明著@Fliu xiong xiao,wei ming zhu |
| 210 | @a北京@c中国农业出版社@d2005 | |
| 215 | @a470页@d24cm | |
| 225 | 2 | @a中国营销与策划精英论坛 |
| 330 | @a本书讲述了营销终端攻略方法。全书共分五篇:渠道致胜、经销商之道、行业观察、职业成长、营销视角下的生活。书中详细论述了战略忠诚化、渠道忠诚度、冲突化解、终端促销、成本控制、人力资源等问题,并附有经典案例。 | |
| 461 | 0 | @12001 @a中国营销与策划精英论坛 |
| 606 | 0 | @a市场营销学@x研究@y中国 |
| 606 | 0 | @a市场营销学 |
| 690 | @aF723.0@v4 | |
| 701 | 0 | @a刘雄孝@Aliu xiong xiao@4著 |
| 701 | 0 | @a魏明@Awei ming@4著 |
| 801 | 0 | @aCN@bRULIN@c20070605 |
| 905 | @dF723.0@e37@s8 | |
| 终端攻略/刘雄孝,魏明著.-北京:中国农业出版社,2005 |
| 470页;24cm.-(中国营销与策划精英论坛) |
| ISBN 7-109-10047-2:CNY55.00 |
| 本书讲述了营销终端攻略方法。全书共分五篇:渠道致胜、经销商之道、行业观察、职业成长、营销视角下的生活。书中详细论述了战略忠诚化、渠道忠诚度、冲突化解、终端促销、成本控制、人力资源等问题,并附有经典案例。 |
| ● |
| 相关链接 |
|
|
|
|
正题名:终端攻略
索取号:F723.0/37
 
预约/预借
| 序号 | 登录号 | 条形码 | 馆藏地/架位号 | 状态 | 备注 |
| 1 | 0582042 | 205820423 | 第一样本阅览室/ [索取号:F723.0/37] | 在馆 | |
| 2 | 0582043 | 205820432 | 第一借阅区/ [索取号:F723.0/37] | 在馆 | |
| 3 | 0582044 | 205820441 | 第一借阅区/ [索取号:F723.0/37] | 在馆 | |
| 4 | 0582045 | 205820450 | 第一借阅区/ [索取号:F723.0/37] | 在馆 | |
| 5 | 0582046 | 205820469 | 第一借阅区/ [索取号:F723.0/37] | 在馆 | |
| 6 | 0582047 | 205820478 | 第一借阅区/ [索取号:F723.0/37] | 在馆 | |
| 7 | 0582048 | 205820487 | 密集书库/ [索取号:F723.0/37] | 在馆 | |
| 8 | 0582049 | 205820496 | 密集书库/ [索取号:F723.0/37] | 在馆 |